000 00538nam a2200229Ia 4500
003 OSt
005 20221005122020.0
006 a|||||r|||| 00| 0
007 ta
008 221004b |||||||| |||| 00| 0 eng d
024 _a59793
037 _cTextual
040 _aCRL
_cCRL
_beng
041 _2eng
_aeng
082 _aV2:2501:N, F3
100 _aAndrews C F
245 0 _aIndian problem
260 _c1923
650 _aHISTORY
942 _hV2:2501:N, F3
_cTEXL
_2cc
999 _c1042995
_d1042995